| 000 | 00533nam a22001817a 4500 | ||
|---|---|---|---|
| 005 | 20240920155755.0 | ||
| 008 | 240919b |||||||| |||| 00| 0 eng d | ||
| 020 | _a978-93-6180-970-5 | ||
| 041 | _aeng | ||
| 082 |
_a615.58 _bGAR |
||
| 100 |
_aGARG, DR. VISHAL & MISHRA, DR BISHWANATH AND SHINDE, VIKRAM RAMCHANDRA _98562 |
||
| 245 | _aPHARMACOTHERAPEUTICS [ D.PHARMA, 2ND YEAR] | ||
| 250 | _a2 nd ED. 2024 | ||
| 260 |
_aLUCKNOW _bTHAKUR PUBLICATION PVT.LTD |
||
| 300 | _a174;P | ||
| 650 |
_aPHARMACY _xD.PHARMA |
||
| 942 | _cBK | ||
| 999 |
_c8691 _d8689 |
||